Voices from Okinawa : Featuring three plays by Jon Shirota
Wedi'i Gadw mewn:
| Fformat: | Llyfr |
|---|---|
| Iaith: | Undetermined |
| Cyhoeddwyd: |
Honolulu
University of Hawai’i Press
2009
|
| Pynciau: | |
| Tagiau: |
Ychwanegu Tag
Dim Tagiau, Byddwch y cyntaf i dagio'r cofnod hwn!
|
| Thư viện lưu trữ: | Trung tâm Học liệu Trường Đại học Cần Thơ |
|---|
| LEADER | 00633nam a2200193Ia 4500 | ||
|---|---|---|---|
| 001 | CTU_187276 | ||
| 008 | 210402s9999 xx 000 0 und d | ||
| 082 | |a 810.8 | ||
| 082 | |b V889 | ||
| 245 | 0 | |a Voices from Okinawa : | |
| 245 | 0 | |b Featuring three plays by Jon Shirota | |
| 245 | 0 | |c Frank Stewart, Katsunori Yamazato, editors | |
| 260 | |a Honolulu | ||
| 260 | |b University of Hawai’i Press | ||
| 260 | |c 2009 | ||
| 650 | |a American literature,Văn học Mỹ | ||
| 650 | |x Japanese American authors,Tác giả người Mỹ gốc Nhật | ||
| 904 | |i Qhieu | ||
| 980 | |a Trung tâm Học liệu Trường Đại học Cần Thơ | ||